Most Streamed The Neighbourhood Songs - Statistics

General Stats
  • This quiz has been taken 21 times
  • The average score is 8 of 20
Answer Stats
# Streams Answer % Correct
1 3,886,532,664 Sweater Weather
100%
3 1,348,951,614 Softcore
90%
2 1,850,456,134 Daddy Issues
80%
16 195,542,625 Daddy Issues (Remix)
80%
6 538,151,393 Afraid
60%
7 430,905,685 The Beach
60%
5 833,672,668 Reflection
50%
14 218,619,397 A Little Death
40%
8 386,982,044 Cry Baby
40%
11 258,074,873 Nervous
40%
9 345,985,739 Pretty Boy
40%
4 854,422,356 You Get Me So High
40%
18 176,655,873 Compass
30%
19 170,157,024 Baby Came Home 2 / Valentines
20%
15 196,210,990 Flawless
20%
13 227,491,140 R.I.P. 2 My Youth
20%
17 177,135,220 Scary Love
10%
20 157,286,263 Unfair
10%
12 237,121,600 Wires
10%
10 278,243,923 Stargazing
0%
No matching quizzes found
Score Distribution
Percent of People with Each Score
Percentile by Number Answered
Your Score History
You have not taken this quiz